[Event "2nd children "]
[Site "Sofia"]
[Date "2017.11.19"]
[Round "4.2"]
[White "Stoyanov, Encho"]
[Black "Koev, Koycho"]
[Result "1/2-1/2"]
[WhiteElo "1410"]
[BlackElo "1361"]
[PlyCount "88"]
[EventDate "2017.11.19"]
[EventType "swiss (rapid)"]
[EventRounds "7"]
[EventCountry "BUL"]

1. c4 e5 2. e3 Nf6 3. Nc3 Nc6 4. Nf3 d6 5. Be2 Be7 6. O-O O-O 7. d4 exd4 8.
Nxd4 Nxd4 9. exd4 Re8 10. Re1 Bf5 11. Bf3 c6 12. Bg5 Qd7 13. Qd2 h6 14. Bf4 Bg4
15. Bxg4 Qxg4 16. Bg3 Nh5 17. Qe2 Qxe2 18. Rxe2 Nxg3 19. fxg3 Bf6 20. Rxe8+
Rxe8 21. Rd1 Kh7 22. Kf2 Bg5 23. Re1 Rxe1 24. Kxe1 Bc1 25. b3 Bb2 26. Kd2 Bxc3+
27. Kxc3 Kg6 28. Kd3 Kf5 29. b4 g5 30. h3 Ke6 31. g4 f5 32. gxf5+ Kxf5 33. Ke3
d5 34. c5 Ke6 35. a4 a6 36. Kf3 Kf5 37. g3 h5 38. Ke3 Kf6 39. Kf3 Kf5 40. Ke3
h4 41. gxh4 gxh4 42. Kf3 Kg5 43. Ke3 Kf5 44. a5 Kg5 1/2-1/2

[Event "2nd children "]
[Site "Sofia"]
[Date "2017.11.19"]
[Round "4.3"]
[White "Hristov, Ivan"]
[Black "Stefanov, Georgi"]
[Result "1-0"]
[WhiteElo "1267"]
[BlackElo "1315"]
[PlyCount "111"]
[EventDate "2017.11.19"]
[EventType "swiss (rapid)"]
[EventRounds "7"]
[EventCountry "BUL"]

1. e4 e5 2. Nf3 Nc6 3. Bc4 Nf6 4. Nc3 Nxe4 5. Nxe4 d5 6. Bxd5 Qxd5 7. Nc3 Qa5
8. O-O Bd6 9. d3 O-O 10. Bd2 Qb6 11. Rb1 Be6 12. Ng5 Nd4 13. Nce4 f6 14. Nxe6
Nxe6 15. Be3 Qc6 16. Nxd6 cxd6 17. f4 Rac8 18. Rc1 Nc7 19. fxe5 dxe5 20. Qf3
Qxf3 21. Rxf3 Nd5 22. c3 Rfd8 23. Kf2 Rc6 24. Rd1 Rb6 25. Bxb6 axb6 26. a3 Nf4
27. d4 Kf7 28. g3 Ne6 29. Ke1 Ng5 30. Rfd3 e4 31. Re3 f5 32. Kf2 Ne6 33. Rf1 g5
34. Kg2 Kg6 35. Rd1 b5 36. Kg1 Nc7 37. g4 Nd5 38. gxf5+ Kxf5 39. Rf1+ Kg6 40.
Rxe4 Nf4 41. Re5 Rf8 42. Rxf4 Rxf4 43. Rxb5 Rf7 44. a4 Rc7 45. b4 Rxc3 46. Rxb7
Rc4 47. a5 Rxd4 48. a6 Rd1+ 49. Kf2 Ra1 50. a7 h6 51. b5 Kf6 52. b6 Ke6 53. Rb8
Ra2+ 54. Ke1 Ra1+ 55. Kd2 Ra2+ 56. Kc1 1-0

[Event "2nd children "]
[Site "Sofia"]
[Date "2017.11.19"]
[Round "5.1"]
[White "Stoyanov, Encho"]
[Black "Pavlov, Vladimir G"]
[Result "0-1"]
[WhiteElo "1410"]
[BlackElo "1599"]
[PlyCount "98"]
[EventDate "2017.11.19"]
[EventType "swiss (rapid)"]
[EventRounds "7"]
[EventCountry "BUL"]

1. e4 e6 2. Nc3 b6 3. Nf3 Bb7 4. d4 Bb4 5. Bd3 Ne7 6. O-O d5 7. e5 Bxc3 8. bxc3
Ba6 9. Bxa6 Nxa6 10. Qd3 Nb8 11. Bg5 Qd7 12. Bxe7 Qxe7 13. c4 O-O 14. cxd5 exd5
15. c4 Qd7 16. Rac1 Na6 17. Ng5 g6 18. cxd5 Nb4 19. Qe4 Nxd5 20. Qh4 h5 21. Ne4
Qf5 22. Nf6+ Nxf6 23. Qxf6 Qxf6 24. exf6 Rac8 25. Rfe1 Rfd8 26. Rcd1 Rd6 27.
Re7 a6 28. f3 c5 29. d5 Rcd8 30. Re5 Rxf6 31. Kf2 Rfd6 32. Ke3 Kg7 33. Ke4 b5
34. Re7 Kf6 35. Ra7 R8d7 36. Rxd7 Rxd7 37. h3 Ke7 38. g4 Kd6 39. Kf4 hxg4 40.
fxg4 c4 41. Ke4 Kc5 42. a3 a5 43. h4 c3 44. Rc1 Kc4 45. h5 gxh5 46. gxh5 b4 47.
axb4 axb4 48. h6 b3 49. h7 f5+ 0-1

[Event "2nd children "]
[Site "Sofia"]
[Date "2017.11.19"]
[Round "5.2"]
[White "Petrov, Anton S"]
[Black "Hristov, Ivan"]
[Result "1-0"]
[WhiteElo "1825"]
[BlackElo "1267"]
[PlyCount "115"]
[EventDate "2017.11.19"]
[EventType "swiss (rapid)"]
[EventRounds "7"]
[EventCountry "BUL"]

1. e4 e5 2. Nf3 Nc6 3. Bc4 Bc5 4. c3 Nf6 5. d3 d6 6. O-O Bg4 7. Nbd2 O-O 8. a4
a5 9. Re1 Ne7 10. Nf1 Ng6 11. h3 Be6 12. Bb3 c6 13. Bc2 Re8 14. Be3 Bb6 15. Ng3
Bc7 16. d4 Qe7 17. Nf5 Bxf5 18. exf5 Nf8 19. dxe5 dxe5 20. Qe2 N8d7 21. Rad1
Rad8 22. Qc4 Bd6 23. Qh4 Nf8 24. Bb6 Rd7 25. Bxa5 h6 26. Bb6 Kh8 27. Bd4 e4 28.
Bxf6 Qxf6 29. Qxf6 gxf6 30. Nd2 e3 31. Rxe3 Rxe3 32. fxe3 Bc5 33. Kf2 Re7 34.
Ne4 Bb6 35. b4 Kg7 36. c4 Bc7 37. c5 Nh7 38. Nd6 Bb8 39. h4 Nf8 40. Rd4 Kh7 41.
Bb3 Bxd6 42. Rxd6 Kg7 43. Kf3 Nd7 44. Kf4 Ne5 45. b5 cxb5 46. axb5 Rc7 47. Rd5
Kf8 48. Ba4 Ke7 49. Ke4 h5 50. Bd1 Nd7 51. Kd4 Rc8 52. Bxh5 Rh8 53. g4 Ne5 54.
Ke4 Rb8 55. Kf4 b6 56. c6 Rc8 57. g5 fxg5+ 58. Kxe5 1-0

[Event "2nd children "]
[Site "Sofia"]
[Date "2017.11.19"]
[Round "5.3"]
[White "Koev, Koycho"]
[Black "Petrova, Maria"]
[Result "0-1"]
[WhiteElo "1361"]
[BlackElo "1617"]
[PlyCount "54"]
[EventDate "2017.11.19"]
[EventType "swiss (rapid)"]
[EventRounds "7"]
[EventCountry "BUL"]

1. d4 d5 2. c4 e6 3. Nf3 Nf6 4. Nc3 Be7 5. e3 O-O 6. Bd3 dxc4 7. Bxc4 a6 8. a4
Nbd7 9. O-O c5 10. Qc2 b6 11. Rd1 Qc7 12. Bd3 Bb7 13. Ne4 Nxe4 14. Bxe4 Nf6 15.
Bxb7 Qxb7 16. dxc5 Bxc5 17. Bd2 Rac8 18. Qb1 Rfd8 19. b4 Be7 20. Qb3 Qd5 21.
Qb2 Qb7 22. Ne5 Ne4 23. Be1 Bf6 24. f4 Nd6 25. Rac1 Nf5 26. Bf2 Qe4 27. Re1
Bxe5 0-1

[Event "2nd children "]
[Site "Sofia"]
[Date "2017.11.19"]
[Round "6.1"]
[White "Petrova, Maria"]
[Black "Petrov, Anton S"]
[Result "0-1"]
[WhiteElo "1617"]
[BlackElo "1825"]
[PlyCount "130"]
[EventDate "2017.11.19"]
[EventType "swiss (rapid)"]
[EventRounds "7"]
[EventCountry "BUL"]

1. Nf3 Nf6 2. c4 c6 3. Nc3 d5 4. d4 Bf5 5. Qb3 Qb6 6. c5 Qc7 7. Bf4 Qc8 8. h3
Nbd7 9. Ne5 Nxe5 10. Bxe5 Nd7 11. Bh2 b6 12. cxb6 axb6 13. Rc1 Qb7 14. e3 e6
15. Be2 Be7 16. O-O O-O 17. a3 c5 18. dxc5 Nxc5 19. Qd1 Bf6 20. b4 Rxa3 21. Nb5
Rd3 22. Bxd3 Nxd3 23. Nd6 Qa6 24. Nxf5 Nxc1 25. Qxc1 exf5 26. Qc2 Qc4 27. Qxf5
Qxb4 28. Qxd5 Rd8 29. Qf5 h6 30. Bc7 Ra8 31. Rb1 Qc5 32. Qxc5 bxc5 33. Rc1 Be7
34. Bb6 Rc8 35. Rc4 f6 36. Kf1 Kf7 37. Ke2 Ke6 38. Kd3 Kd5 39. e4+ Kc6 40. Ba5
Bd6 41. Bd2 Be5 42. f4 Rd8+ 43. Ke3 Bxf4+ 44. Kxf4 Rxd2 45. Kf3 Kb5 46. Rc1 c4
47. Ke3 Rxg2 48. Kd4 Rd2+ 49. Ke3 Rd3+ 50. Kf4 Rxh3 51. Kf5 Rf3+ 52. Kg4 Rd3
53. Kf5 c3 54. Rb1+ Kc4 55. Rb7 Rg3 56. Kf4 Rg1 57. Rc7+ Kd3 58. Kf3 Kd2 59.
Rd7+ Kc1 60. Rc7 c2 61. Kf2 Rg4 62. Kf3 Rg5 63. Rc8 Rb5 64. Rc7 g5 65. Kg4 Kb1
0-1

[Event "2nd children "]
[Site "Sofia"]
[Date "2017.11.19"]
[Round "6.2"]
[White "Koev, Koycho"]
[Black "Pavlov, Vladimir G"]
[Result "0-1"]
[WhiteElo "1361"]
[BlackElo "1599"]
[PlyCount "80"]
[EventDate "2017.11.19"]
[EventType "swiss (rapid)"]
[EventRounds "7"]
[EventCountry "BUL"]

1. d4 e6 2. c4 b6 3. Nc3 Bb7 4. e4 Bb4 5. Bd3 Ne7 6. Nf3 d6 7. Qa4+ Nbc6 8. d5
Bxc3+ 9. bxc3 e5 10. dxc6 Bxc6 11. Qc2 O-O 12. O-O Qc8 13. Be3 Qb7 14. Rab1 f5
15. Bg5 Nc8 16. Nd2 h6 17. Bxh6 gxh6 18. f3 f4 19. Qd1 Ne7 20. Qe1 Ng6 21. Nb3
Qc8 22. Qf2 Qd7 23. Na1 Kh8 24. Nc2 a5 25. Na3 Rae8 26. Nb5 Re7 27. Rbd1 Rg7
28. a4 Qe7 29. Qe1 Rfg8 30. Rf2 h5 31. Kh1 Be8 32. Bc2 Nh4 33. Rdd2 Rg6 34. Bb3
Bf7 35. Qf1 Be6 36. Ba2 Qg7 37. Na3 Bh3 38. c5 Bxg2+ 39. Rxg2 Rxg2 40. Bxg8
Rxd2 0-1

[Event "2nd children "]
[Site "Sofia"]
[Date "2017.11.19"]
[Round "7.2"]
[White "Pavlov, Vladimir G"]
[Black "Hristov, Ivan"]
[Result "1-0"]
[WhiteElo "1599"]
[BlackElo "1267"]
[PlyCount "53"]
[EventDate "2017.11.19"]
[EventType "swiss (rapid)"]
[EventRounds "7"]
[EventCountry "BUL"]

1. e4 e5 2. Nc3 Bc5 3. g3 Nc6 4. Bg2 d6 5. Nge2 Nf6 6. Na4 Bb6 7. Nxb6 axb6 8.
O-O O-O 9. d3 Nd7 10. g4 Nc5 11. h3 Be6 12. a3 Qe7 13. f4 exf4 14. d4 Rad8 15.
d5 Bxd5 16. exd5 Nb8 17. Bxf4 Rfe8 18. Ng3 Nbd7 19. b4 Na6 20. Qd2 Qf8 21. Rf2
Ne5 22. Raf1 f6 23. Bxe5 dxe5 24. g5 c6 25. gxf6 gxf6 26. Rxf6 Qg7 27. Nh5 1-0